LEADER 01728nam0 22003733i 450 001 TO01395094 005 20251003044411.0 010 $a8883636724 100 $a20130827d2004 ||||0itac50 ba 101 | $aita 102 $ait 181 1$6z01$ai $bxxxe 182 1$6z01$an 200 1 $aCommercio urbano e nuovi strumenti di governance$elinee guida per lo sviluppo del Town centre management in Italia$fLuca Zanderighi$gprefazione di Luca Pellegrini 210 $aMilano$cINDICOD-ECR, Istituto per le imprese di beni di consumo$cIlsole 24 ore$d2004 215 $aXVII, 149 p.$d22 cm. 225 | $aStudi 410 0$1001CFI0169972$12001 $aStudi 606 $aCommercio al minuto$xZone urbane$2FIR$3CFIC071322$9E 676 $a381$9Commercio$v14 676 $a381.1091732$9COMMERCIO AL MINUTO. REGIONI URBANE$v21 696 $aCommercio al dettaglio$aCentri abitati$aAree urbane 699 $aCommercio al minuto$yCommercio al dettaglio 699 $aZone urbane$yCentri abitati 699 $aZone urbane$yAree urbane 700 1$aZanderighi$b, Luca$3CFIV116143$4070$0307360 801 3$aIT$bIT-000000$c20130827 850 $aIT-BN0095 901 $bNAP 01$cPOZZO LIB.$nVi sono collocati fondi di economia, periodici di ingegneria e scienze, periodici di economia e statistica e altri fondi comprendenti documenti di economia pervenuti in dono. 912 $aTO01395094 950 0$aBiblioteca Centralizzata di Ateneo$c1 v.$d 01POZZO LIB.ECON MON 1188$e 0101 0000185625E VMA 1 v. (Precedente collocazione: DASES B 787)$fB $h20081218$i20081218 977 $a 01 996 $aCommercio urbano e nuovi strumenti di governance$968451 997 $aUNISANNIO LEADER 03496nam 22007455 450 001 9910913786303321 005 20251113203500.0 010 $a9789819792436 010 $a9819792436 024 7 $a10.1007/978-981-97-9243-6 035 $a(CKB)36702056200041 035 $a(MiAaPQ)EBC31807807 035 $a(Au-PeEL)EBL31807807 035 $a(OCoLC)1477225218 035 $a(DE-He213)978-981-97-9243-6 035 $a(EXLCZ)9936702056200041 100 $a20241130d2024 u| 0 101 0 $aeng 135 $aur||||||||||| 181 $ctxt$2rdacontent 182 $cc$2rdamedia 183 $acr$2rdacarrier 200 10$aInnovative Design and Engineering Applications of Intelligent Systems Under the Framework of Industry 4.0 $eProceedings of 3rd International Conference on Intelligent Systems Design and Engineering Applications (ISDEA 2024) /$fedited by Yongsheng Ma 205 $a1st ed. 2024. 210 1$aSingapore :$cSpringer Nature Singapore :$cImprint: Springer,$d2024. 215 $a1 online resource (136 pages) 225 1 $aLecture Notes in Electrical Engineering,$x1876-1119 ;$v856 311 08$a9789819792429 311 08$a9819792428 330 $aThis proceedings book contains peer-reviewed papers presented at the 2024 International Conference on Intelligent Systems Design and Engineering Applications which was held in Tottori, Japan, May 10?12, 2024 (ISDEA2024). There are five major sessions covered in this book, including 1) Theory and Application of Artificial Intelligence Technologies in Industry; 2) System Design and Data Analysis within the Context of Internet of Things (IOT); 3) System Automation, Control, and Robots; 4) Smart Product Design and Integrated Manufacturing and 5) Sensors, Transducers and Detection Technology. This book provides an idea-exchange and discussion platform for the world's engineers and academia to share cutting-edge information, address the hottest issue in intelligent systems design and engineering applications, explore new technologies, exchange and build upon ideas. 410 0$aLecture Notes in Electrical Engineering,$x1876-1119 ;$v856 606 $aComputational intelligence 606 $aArtificial intelligence 606 $aEngineering design 606 $aIndustrial engineering 606 $aProduction engineering 606 $aElectric power distribution 606 $aComputational Intelligence 606 $aArtificial Intelligence 606 $aEngineering Design 606 $aIndustrial and Production Engineering 606 $aEnergy Grids and Networks 606 $aIntelligence Infrastructure 615 0$aComputational intelligence. 615 0$aArtificial intelligence. 615 0$aEngineering design. 615 0$aIndustrial engineering. 615 0$aProduction engineering. 615 0$aElectric power distribution. 615 14$aComputational Intelligence. 615 24$aArtificial Intelligence. 615 24$aEngineering Design. 615 24$aIndustrial and Production Engineering. 615 24$aEnergy Grids and Networks. 615 24$aIntelligence Infrastructure. 676 $a658.4038 700 $aMa$b Yongsheng$0980223 701 $aMa?$00 801 0$bMiAaPQ 801 1$bMiAaPQ 801 2$bMiAaPQ 906 $aBOOK 912 $a9910913786303321 996 $aInnovative Design and Engineering Applications of Intelligent Systems Under the Framework of Industry 4.0$94465302 997 $aUNINA